Acció de govern de la Generalitat de Catalunya : gener-juny 1984 gener-juny 1984
Descripción Física:
310 p. ; 21 cm
Materias:
Catalunya -- Política i govern
MARC
| LEADER | 00000nam a2200000Ia 4500 | ||
|---|---|---|---|
| 001 | 7589 | ||
| 008 | 160829s1986 xx 000 0 cat d | ||
| 080 | |a M-2-174 | ||
| 110 | 1 | |a Catalunya. |b Generalitat |9 12125 | |
| 245 | |a Acció de govern de la Generalitat de Catalunya : |b gener-juny 1984 | ||
| 260 | |a Barcelona : |b Servei Central de Publicacions de la Generalitat de Catalunya, |c 1986 | ||
| 300 | |a 310 p. ; |c 21 cm | ||
| 490 | |a Col·lecció Departament de la Presidència ; 16 | ||
| 651 | 0 | |a Catalunya |x Política i govern |9 53682 | |
| 901 | |a Arxiu | ||
| 942 | |n 1 | ||
| 952 | |0 0 |1 0 |4 0 |6 M2174 |7 1 |9 42594 |a Arxiu |b Arxiu |d 2016-12-01 |l 0 |o M-2-174 |p 7589 |r 2016-12-01 00:00:00 |w 2016-12-01 |y ARXIU | ||
| 999 | |c 45099 |d 45099 | ||